Statistiques concernant Disney. Lettre P

Cliquez ici pour prendre le quiz!

Statistiques générales

  • Ce quiz a été pris 287 fois
  • Le résultat moyen est 16 sur 21

Statistiques - réponses

QuetionRéponse% Correct
Ville où se situe l'action de notre dame de ParisParis
97%
Compagnon à 4 pattes de MickeyPluto
96%
Espèce animal représentée par Polochon, Corail ou encore CléoPoisson
94%
Une des émotions dans le cerveau de RileyPeur
92%
Espèce animal représenté par PumbaaPhacochère
92%
Le nain le plus érudit des 7Prof
91%
Garçon qui ne veut pas grandirPeter Pan
90%
Instrument dont joue Roger dans les 101 DalmatiensPiano
88%
Meilleur ami peureux et craintif de WinniePorcinet
88%
Cheval ailé d'HerculePégase
86%
Arme de RaiponcePoele
85%
Le rapide guichetier dans Zootopie est unParesseux
75%
Un caméléon farceurPascal
75%
Pays ou se situe l'intrigue de KuzcoPérou
72%
Plat que doit manger très vite Luca s'il veut gagner la coursePâtes
67%
Mei se transforme en cet animal dans Alerte rougePanda roux
62%
Objet magique dont se sert Dumbo pour volerPlume
59%
Chanteur qui a interprété les chansons de " Tarzan"Phil Collins
58%
Ile où se déroule l'action de VaianaPolynésie
46%
les héros de Là haut cherche à atteindre les chutes du ....Paradis
40%
Ennemi juré de MickeyPat Hibulaire
40%

Distribution des résultats

Percentile par nombre de réponses

% des personnes avec chaque résultat

Votre développement - résultats

Vous n’avez pas pris ce quiz